| 000 | 00423cam a2200169ua 4500 | ||
|---|---|---|---|
| 020 |
_a0-7069-2547-5 _c14.00 |
||
| 041 |
_aeng _h |
||
| 082 |
_a531 _bPAL/CO |
||
| 100 | _aPal, J.C . | ||
| 245 |
_aCourse of mechanics / _cJ.C Pal. _hTextual Documents |
||
| 260 |
_aNew Delhi : _bVikas publishing house pvt ltd , _c1984. |
||
| 300 | _a399 ; . | ||
| 365 | _a14.00 | ||
| 504 | _a | ||
| 942 | _cBK | ||
| 999 |
_c7504 _d7504 |
||